Normal view
MARC view
Entry Topical Term
001 - CONTROL NUMBER
- control field: 42310
003 - CONTROL NUMBER IDENTIFIER
- control field: ARRUPE
005 - DATE AND TIME OF LATEST TRANSACTION
- control field: 20180919122201.0
008 - FIXED-LENGTH DATA ELEMENTS
- fixed length control field: 180919|| aca||aabn | a|a d
040 ## - CATALOGING SOURCE
- Original cataloging agency: ARRUPE
- Transcribing agency: ARRUPE
150 ## - HEADING--TOPICAL TERM
- Topical term or geographic name as entry element: Philosophy
- General subdivision: Historiography.
670 ## - SOURCE DATA FOUND
- Source citation: Work cat.: (ARRUPE)0: Whatmore, Richard. 42309, What is intellectual history? /, 2015